Introduction to electro-magnetic theory. (Record no. 6519)

MARC details
000 -LEADER
fixed length control field 00608nam a22002172 4500
001 - CONTROL NUMBER
control field 0000003784
005 - DATE AND TIME OF LATEST TRANSACTION
control field 20151217151934.0
008 - FIXED-LENGTH DATA ELEMENTS--GENERAL INFORMATION
fixed length control field 070515s xx 000 0 eng d
020 ## - INTERNATIONAL STANDARD BOOK NUMBER
International Standard Book Number 0486428303 :
Terms of availability KES 3,528
040 ## - CATALOGING SOURCE
Original cataloging agency KABU
Transcribing agency KABU
050 #0 - LIBRARY OF CONGRESS CALL NUMBER
Classification number QC523
Item number .O94
100 1# - MAIN ENTRY--PERSONAL NAME
Personal name Owen, George E.
-- 0000153932
245 10 - TITLE STATEMENT
Title Introduction to electro-magnetic theory.
260 ## - PUBLICATION, DISTRIBUTION, ETC. (IMPRINT)
Place of publication, distribution, etc. New York :
Name of publisher, distributor, etc. Dover,
Date of publication, distribution, etc. 2003.
300 ## - PHYSICAL DESCRIPTION
Extent xii, 506 p.
650 #0 - SUBJECT ADDED ENTRY--TOPICAL TERM
Topical term or geographic name as entry element Electricity.
-- 0000153922
650 #0 - SUBJECT ADDED ENTRY--TOPICAL TERM
Topical term or geographic name as entry element Electromagnetism.
-- 0000153933
908 ## - PUT COMMAND PARAMETER (RLIN)
Put command parameter 070515
950 ## - LOCAL HOLDINGS (RLIN)
-- 1
Holdings
Withdrawn status Lost status Source of classification or shelving scheme Not for loan Home library Current library Date acquired Total Checkouts Full call number Barcode Date last seen Date last checked out Price effective from Koha item type
    Library of Congress Classification   Kabarak, Main Campus Kabarak, Main Campus 17/12/2015 1 QC523 .O94 031938 08/11/2018 23/10/2018 17/12/2015 General Collection
Designed with assistance from East African Informatics Ltd